Saltar al contenido
Inicio
Centros participantes
Catálogo
Servicios
Contacto
כניסה לחשבון
English
Deutsch
Español
Français
Italiano
日本語
Nederlands
Português
Português (Brasil)
中文(简体)
中文(繁體)
Türkçe
עברית
Gaeilge
Cymraeg
Ελληνικά
Català
Euskara
Русский
Čeština
Suomi
Svenska
polski
Dansk
slovenščina
اللغة العربية
বাংলা
Galego
Tiếng Việt
Hrvatski
हिंदी
Հայերէն
Українська
Sámegiella
שפה
כל השדות
כותר
מחבר
נושא
סימן המיקום
ISBN/ISSN
תג
מצא
מתקדם
La huelga bananera 1934
יצירת מראה מקום
שלח את זה
הדפסה
יצוא רשומה
יצוא אל RefWorks
יצוא אל EndNoteWeb
יצוא אל EndNote
הוספה למועדפים
Enlace Permanente
Agregar primera valuación
La huelga bananera 1934
שמור ב:
מידע ביבליוגרפי
מחבר ראשי:
Ferreto, Arnoldo
פורמט:
Texto
יצא לאור:
s.l.:
s.e.
תגים:
הוספת תג
אין תגיות, היה/י הראשונ/ה לתייג את הרשומה!
מלאי ספרים
תיאור
הערות
פריטים דומים
תצוגת צוות
MARC
LEADER
00000 a a2200000 04500
001
24247
003
040
090
|a
166100
100
|a
Ferreto, Arnoldo
245
|a
La huelga bananera 1934
260
|a
s.l.:
|b
s.e.
300
|a
20 p.
|b
il.
999
|c
11568
|d
11568
פריטים דומים
La Huelga bananera 1934
מאת: Ferreto Segura, Arnoldo
La Huelga bananera de 1934 /
מאת: Fallas Monge, Carlos Luis
Cincuenta aniversario: la huelga bananera de 1934 /
מאת: Badilla, Patricia
La Huelga bananera de 1934: anécdotas y enseñanzas de uno de sus principales dirigentes /
מאת: Cerdas Mora, Jaime
Neoglobalismo: amenaza para la humanidad
מאת: Volski, Dmitri